000 00444nam a2200181Ia 4500
008 090123s9999 xx 000 0 und d
082 _b42581
100 _aMARAKARKANDY BIJITH
245 _aDIGITAL SIGNAL PROCESSING
250 _a1
260 _c1997
300 _a260
600 _aMARAKARKANDY BIJITH
630 _aDIGITAL SIGNAL PROCESSING
700 _aMARAKARKANDY BIJITH
730 _aDIGITAL SIGNAL PROCESSING
942 _cBOOK
999 _c80647
_d80647